Organizacija potočnovo proizvodstva v švejnoj promyšlennosti

Gespeichert in:
Bibliographische Detailangaben
Format: Buch
Veröffentlicht: Kijev : Technika, 1986
Tags: Tag hinzufügen
Keine Tags, Fügen Sie das erste Tag hinzu!

MARC

LEADER 00000nam a22000003a 4500
001 stu20049
005 20141122080359.9
008 ------s1986----xxr---------------------d
040 |a STU  |b slo 
041 0
044 |a xxr 
080 |a 678.1 
245 |a Organizacija potočnovo proizvodstva v švejnoj promyšlennosti 
260 |a Kijev :  |b Technika,  |c 1986 
300 |a 127 s :  |b Tab.,lit 
996 |b C79171  |c C*79171  |l CCVIIIB  |s P  |a 0  |w stu20049_0001